| 000 | 00419cam a2200169ua 4500 | ||
|---|---|---|---|
| 020 | _a81-7008-053-3 | ||
| 020 | _a9788131804285 | ||
| 082 |
_a690 _bPUN/BU |
||
| 100 | _aPunmia, B C. | ||
| 245 | _aBuilding construction / | ||
| 250 | _a5 / 10 | ||
| 260 |
_aNew Delhi : _bLaxmi Publications , _c1995. _c2008 |
||
| 300 |
_a846 : _b` ; . |
||
| 700 | 1 | _aArun Kumar, Jain. | |
| 700 | 1 | _aAshok Kumar, Jain. | |
| 942 | _cBK | ||
| 999 |
_c1787 _d1787 |
||